zpět

Detail výsledku týmu

Šnyt, Šternberk

Datum a čas kvízu

14.5 Celkem bodů Celkový počet nahraných bodů na tomto kvízu bez doplňovacích otázek.
6. Pořadí na kvízu Konečné umístění týmu na tomto kvízu.

Zaznamenané odpovědi

# Otázka Odpověď Body Výsledky
1. Vzhledem k faktu, že filmy Ave... Joss Whedon, Anthony a Joe Russo 0
2. Na rok 2025 je chystaný nový d... Kang (Dobyvatel) 0
3. Taková Scarlett Johansson nebo... 1A 2D 3C 4B 0
4. Velmi zásadním v příběhu Infin... Lokiho žezlo (Scepter), Vision 1
5. Během natáčení posledního dílu... Tom Holland 1
6. Příběhy o superhrdinech by neb... Sabretooth, Wolverine 1
7. Dříve než se poprvé ukázal Spi... 1D 2B 3A 4C 1
8. Black Order je pojem, který mo... Proxima Midnight, Corvus Glaive 0
9. Někdo by ho nazval záporákem,... do Argentiny 0
10. To, že se postava ve filmu dos... je to žena 1